000 00468nam a2200169Ia 4500
005 20250508151713.0
008 008 250505s9999 xx 000 0 eng d
037 _aBooks to be hide in OPAC
040 _aFEDL
_beng
_cFEDL
041 _aeng
_2eng
084 _a539.76, BUR/O
_qFEDL
100 _aBurnett R Will
245 0 _aAtomic energy double-edged sword of science
300 _a32p.
942 _cHB
_h539.76, BUR/O
999 _c1331562
_d1331562